| 000 | 00499nam a2200181Ia 4500 | ||
|---|---|---|---|
| 005 | 20250923144732.0 | ||
| 008 | 008 250917s9999 xx 000 0 eng d | ||
| 037 | _aTextual | ||
| 040 |
_aDSWL _beng _cDSWL |
||
| 041 |
_aeng _2eng |
||
| 084 | _qDSWL | ||
| 100 |
_aInfield, Henrik F. _9827875 |
||
| 245 | 0 |
_aco-operative communities at work _cby Henrik F. Infield |
|
| 260 |
_aLondon _b Kegan Paul & co. _c1947 |
||
| 300 | _ax,194p. | ||
| 942 | _cTEXL | ||
| 999 |
_c1442683 _d1442683 |
||